<?xml version="1.0" encoding="UTF-8"?><?xml-stylesheet type="text/xsl" href="static/style.xsl"?><OAI-PMH xmlns="http://www.openarchives.org/OAI/2.0/" xmlns:xsi="http://www.w3.org/2001/XMLSchema-instance" xsi:schemaLocation="http://www.openarchives.org/OAI/2.0/ http://www.openarchives.org/OAI/2.0/OAI-PMH.xsd"><responseDate>2026-04-14T07:14:58Z</responseDate><request verb="GetRecord" identifier="oai:www.recercat.cat:10230/21256" metadataPrefix="marc">https://recercat.cat/oai/request</request><GetRecord><record><header><identifier>oai:recercat.cat:10230/21256</identifier><datestamp>2025-12-19T20:26:26Z</datestamp><setSpec>com_2072_6</setSpec><setSpec>col_2072_452954</setSpec></header><metadata><record xmlns="http://www.loc.gov/MARC21/slim" xmlns:dcterms="http://purl.org/dc/terms/" xmlns:xsi="http://www.w3.org/2001/XMLSchema-instance" xmlns:doc="http://www.lyncode.com/xoai" xsi:schemaLocation="http://www.loc.gov/MARC21/slim http://www.loc.gov/standards/marcxml/schema/MARC21slim.xsd">
   <leader>00925njm 22002777a 4500</leader>
   <datafield ind2=" " ind1=" " tag="042">
      <subfield code="a">dc</subfield>
   </datafield>
   <datafield ind2=" " ind1=" " tag="720">
      <subfield code="a">Casamor Vidal, Maria</subfield>
      <subfield code="e">author</subfield>
   </datafield>
   <datafield ind2=" " ind1=" " tag="260">
      <subfield code="c">2013-11-08T14:49:23Z</subfield>
   </datafield>
   <datafield ind2=" " ind1=" " tag="260">
      <subfield code="c">2013-11-08T14:49:23Z</subfield>
   </datafield>
   <datafield ind2=" " ind1=" " tag="260">
      <subfield code="c">2012-06</subfield>
   </datafield>
   <datafield ind2=" " ind1=" " tag="520">
      <subfield code="a">En este trabajo se estudia la relación entre la morfología y la lexicografía mediante el análisis de seis verbos prefijados con re-. Se comparan sus definiciones en tres diccionarios y se proponen nuevas definiciones siguiendo el modelo de entrada lexicográfica del Diccionario de Aprendizaje de Español como Lengua Extranjera.</subfield>
   </datafield>
   <datafield ind2=" " ind1=" " tag="520">
      <subfield code="a">Dictionaries are an essential tool in the process of learning a foreign language and they /nmust meet the needs of its users. However, it happens too often that they do not include /nactualized and current information. The aim of this paper is to observe the relation /nbetween morphology and lexicography by analyzing a group of verbs prefixed by re- /nand its subsequent application to the Spanish learner‟s dictionary DAELE (Diccionario /nde Aprendizaje de Español como Lengua Extranjera). Four procedures are followed to /nachieve it: the summary of the syntactic, morphologic, and semantic information of re- /nprefix that appears in Spanish grammars; the analysis by different corpora of six verbs, /nchosen from the index of entries of this dictionary; the comparison of the existing /ndefinitions in three monolingual Spanish dictionaries and the proposal of a /nlexicographical entry for each analyzed verb. Using corpora enables the observation of /nthe gaps between existing definitions in the dictionaries and the real and current use of /nthe verb. Re- prefix has multiple meanings and affects the lexical base in a lot of /ndifferent ways; however, these nuances are not always showed on dictionaries‟ /ndefinitions.</subfield>
   </datafield>
   <datafield tag="653" ind2=" " ind1=" ">
      <subfield code="a">Lexicografia -- Diccionaris</subfield>
   </datafield>
   <datafield tag="653" ind2=" " ind1=" ">
      <subfield code="a">Castellà -- Morfologia</subfield>
   </datafield>
   <datafield ind2="0" ind1="0" tag="245">
      <subfield code="a">Análisis de los verbos prefijados con re- y su aplicación a la lexicografía</subfield>
   </datafield>
</record></metadata></record></GetRecord></OAI-PMH>